LEADER 00938nas a2200253 i 4500 001 000000150150 003 CaOOAMICUS 005 20190401103608.0 008 060504b2006 ne uu u0 0mul r 013 $a127488 040 $aSeMil$bita 245 10$a[2006 : May]. 260 $aLeiden ; Boston :$bBrill,$ccopyr. 2006. 300 $aP. [169]-298 ;$c24 cm. 500 $aArticoli con sintesi in inglese [Summary] in testa. 700 1 $aGarcía Martínez, Florentino.$0(OLS)http://semarc/name/7516 773 0 $tJournal for the Study of Judaism.$dLeiden : Brill $x0047-2212$w()2390 774 0 $t[vedi periodico].$w()264137 850 $aSeMil 852 $aSeMil$W1$xVenegono$y1$m239 1 47$j102314$B102314$CSeMilBibl$Z2$F118813 $85 961 $aAbbonamento: Brill 996 $6245$a[2006 : May]$9(OLS)http://semarc/title/219565 996 $6260$aLeiden ; Boston :$bBrill$9(OLS)http://semarc/publisher/39473 LEADER 01272nam a2200289 i 4500 001 000000111892 003 CaOOAMICUS 005 20160921000000.0 008 160921s1991 it u000 u ita u 013 $a84574 020 $a88-215-2048-X 040 $aSeMil$bita 100 1 $aThissen, Werner.$0(OLS)http://semarc/name/46893 240 10$aDu bist mein Glück.$0(OLS)http://semarc/title/163004 245 10$aSei tu il mio bene! :$bl'incontro con l'altro sorgente di vita /$cWerner Thissen. 260 $aCinisello Balsamo :$bEdizioni Paoline,$ccopyr. 1991. 300 $a138 p. ;$c18 cm. 490 0 $aNuovi fermenti ;$v12 650 4$aVita cristiana - Spiritualità.$0(OLS)http://semarc/subject/5020 650 4$aArte e spiritualità.$0(OLS)http://semarc/subject/20076 830 0$aNuovi fermenti ;$v12.$0(OLS)http://semarc/title/6221 850 $aSeMil 852 $aSeMil$W1$xVenegono$y1$m3F V 99$j67695$B67695$CSeMilBibl$Z2$F73887 $81 961 $aOmaggio: Gallivanone don Franco 996 $6020$a88-215-2048-X$9(OLS)http://semarc/number/94253 996 $6245$aSei tu il mio bene! :$bl'incontro con l'altro sorgente di vita$9(OLS)http://semarc/title/163003 996 $6260$aCinisello Balsamo :$bEdizioni Paoline$9(OLS)http://semarc/publisher/36103